Wawasan 2020 : huraian 9 cabaran /

Bibliographic Details
Main Author: Zurinah Hassan
Format: Book
Published: Shah Alam: Penerbit Pewarna, 1994.
Subjects:
LEADER 00675cam a2200229 7i4500
001 0000049711
005 20151104090000.0
005 ##20151104163700.0
003 ##MY-KlINT
020 # # |a 9839146009  
039 # 9 |y 201511041637  |z VLOAD 
090 0 0 |a 303.49595   |b ZUR 
100 1 # |a Zurinah Hassan 
245 0 0 |a Wawasan 2020 :   |b huraian 9 cabaran /   |c Zurinah Hassan. 
260 # # |a Shah Alam:   |b Penerbit Pewarna,   |c 1994. 
300 # # |a 68ms;   |c 19cm. 
500 # # |a Mengandungi bibliografi 
650 # 0 |a Sosial prediction --   |z Malaysia  
650 # 0 |a Economic forecasting --   |z Malaysia  
650 # 0 |a Wawasan 2020  
651 # 0 |a Malaysia --   |x Forecasting  
651 # 0 |a Malaysia --   |x Economi policy